ARRUPE JESUIT UNIVERSITY

CORONAVIRUS -STOP THE SPREAD - CLEAN,DISINFECT,COVER

Bíblia sagrada / (Record no. 127665)

MARC details
000 -LEADER
fixed length control field 01177cam a2200253 a 4500
001 - CONTROL NUMBER
control field 15337623
003 - CONTROL NUMBER IDENTIFIER
control field ARRUPE
005 - DATE AND TIME OF LATEST TRANSACTION
control field 20180315124521.0
008 - FIXED-LENGTH DATA ELEMENTS--GENERAL INFORMATION
fixed length control field 080620s2001 bl b 000 0 por
010 ## - LIBRARY OF CONGRESS CONTROL NUMBER
LC control number 2008318278
020 ## - INTERNATIONAL STANDARD BOOK NUMBER
International Standard Book Number 9788515023462
020 ## - INTERNATIONAL STANDARD BOOK NUMBER
International Standard Book Number 8515023466
040 ## - CATALOGING SOURCE
Original cataloging agency DLC
Transcribing agency DLC
042 ## - AUTHENTICATION CODE
Authentication code lcode
050 00 - LIBRARY OF CONGRESS CALL NUMBER
Classification number BS276
Item number .Difusora Biblica 2002
300 ## - PHYSICAL DESCRIPTION
Dimensions 19 cm.
130 0# - MAIN ENTRY--UNIFORM TITLE
Uniform title Bible.
Language of a work Portuguese.
Date of a work 2001.
9 (RLIN) 40686
245 10 - TITLE STATEMENT
Title Bíblia sagrada /
Statement of responsibility, etc versao dos textos originais
260 ## - PUBLICATION, DISTRIBUTION, ETC. (IMPRINT)
Place of publication, distribution, etc Lisboa
Name of publisher, distributor, etc Difusora Biblica,
Date of publication, distribution, etc 2002
300 ## - PHYSICAL DESCRIPTION
Extent 2141 p. :
500 ## - GENERAL NOTE
General note "Edição comemorativa dos quinhentos anos de evangelização do Brasil e dos cinqüenta anos da Conferência Episcopal."
650 ## - SUBJECT ADDED ENTRY--TOPICAL TERM
Topical term or geographic name as entry element Bible. Portuguese. Difusora Biblica
9 (RLIN) 40687
906 ## - LOCAL DATA ELEMENT F, LDF (RLIN)
a 7
b cbc
c origode
d 3
e ncip
f 20
g y-gencatlg
942 ## - ADDED ENTRY ELEMENTS (KOHA)
Source of classification or shelving scheme Library of Congress Classification
Koha item type Monograph ( Printed materials)
Holdings
Withdrawn status Lost status Source of classification or shelving scheme Damaged status Not for loan Collection code Home library Current library Shelving location Date acquired Total Checkouts Full call number Barcode Date last seen Price effective from Koha item type
    Library of Congress Classification     Main Collection ARRUPE LIBRARY ARRUPE LIBRARY Main Collection 15/03/2018   BS276 .Difusora Biblica 2002 46600000184 15/03/2018 15/03/2018 Monograph ( Printed materials)

 

Arrupe Library. PO Box MP320 Mt Pleasant, Harare, Zimbabwe
263 242 745411|librarian@aju.ac.zw